Statistiche per Classifica Marcatori Mondiali di Calcio 1982

Clicka qui per fare il quiz!

Statistiche generali

  • Questo quiz è stato fatto 14 volte
  • Il punteggio medio è 4 su 8

Statistiche sulle risposte

GolNazioneCalciatore% Corretto
6ItaliaPaolo Rossi
100%
4BrasileZico
83%
3BrasileFalcão
67%
5Germania OvestKarl-Heinz Rummenigge
58%
4PoloniaZbigniew Boniek
58%
3FranciaAlain Giresse
17%
3UngheriaLászló Kiss
17%
3InghilterraGerry Armstrong
8%

Distribuzione punteggi

Percentile per numero di risposta

Percentuale di utenti per punteggio

I tuoi punteggi nel tempo

Non hai fatto questo quiz